She The King: (Record no. 214452)

MARC details
000 -LEADER
fixed length control field 00587nam a22001937a 4500
005 - DATE AND TIME OF LATEST TRANSACTION
control field 20260122122533.0
010 ## - LCCN (DPL NO)
LC control number ENG-147643
020 ## - INTERNATIONAL STANDARD BOOK NUMBER
International Standard Book Number 9789348235756
Terms of availability 400.00
035 ## - SYSTEM CONTROL NUMBER
System control number EN-131175
037 ## - SOURCE OF ACQUISITION
Source of stock number/acquisition DBAD
082 ## - DEWEY DECIMAL CLASSIFICATION NUMBER
Classification number 920
Edition number 1
100 ## - MAIN ENTRY--PERSONAL NAME
Personal name Narayani, Aditi
245 ## - TITLE STATEMENT
Title She The King:
Remainder of title Rise of Lokmata Ahilyabai Holkar/
Statement of responsibility, etc Aditi Narayani
250 ## - EDITION STATEMENT
Edition statement 1
260 ## - PUBLICATION, DISTRIBUTION, ETC. (IMPRINT)
Place of publication, distribution, etc New Delhi
Name of publisher, distributor, etc Vani Prakashan Group
Date of publication, distribution, etc 2025
270 ## - ADDRESS
City New Delhi
Address 4695, 21-A, Daryaganj
Postal code 110002
Telephone number +911123273167
-- +911123275710
300 ## - PHYSICAL DESCRIPTION
Extent 135p.
Dimensions 22cm(hb)
942 ## - ADDED ENTRY ELEMENTS (KOHA)
Source of classification or shelving scheme Dewey Decimal Classification
Item type English Books
Classification part 920
Call number suffix NAR
Holdings
Withdrawn status Lost status Not for loan Collection code Home library Current library Date acquired Source of acquisition Cost, normal purchase price Full call number Barcode Copy number Cost, replacement price Koha item type
      Non-fiction D.B.Act.Division Sarojini Nagar 22/01/2026 Delivery of Books Act Division 400.00 920 NAR EN-131175 1 400.00 English Books

© Delhi Public Library
Hit Counter
free hit counter